00398nam a22001577a 450000500170000000800410001702000270005804000090008504100120009408200150010610000240012124500290014526000350017430000080020965000230021720260210131243.0260210b |||||||| |||| 00| 0 eng d a9789386806048c1995.00 aMAIN aEnglish a660.6bSIN aSingh, Rana Vikram  aIndustrial Microbiology  aNew DelhibIshwar Books c2025 a296 aBiological Science